| 000 | 00362nam a2200145Ia 4500 | ||
|---|---|---|---|
| 100 | _aMinister of home affairs/new delhi | ||
| 490 | _v1 | ||
| 942 | _cBK | ||
| 654 | _aHd.Bk on house keeping jobs | ||
| 245 | _aHd.Bk on house keeping jobs | ||
| 260 |
_bantroller of publication civil links _aDelhi _c1981 |
||
| 082 | _a354 | ||
| 300 | _a139 | ||
| 546 | _aENGLISH | ||
| 999 |
_c23202 _d23202 |
||